000 02517nam a22002417a 4500
001 8136
003 FISKH
005 20250827155604.0
008 250827b cb ||||| |||| 00| 0 eng d
020 _a9780761470151
040 _aFISKH
_beng
_cFISKH
_dFISKH
050 _aQA135.6 .Y42
082 _a510
100 _aHar, Yeap Ban
245 _aEarlybird kindergarten Mathematics:
_bTextbook A
_cby Yeap Ban Har
250 _aThis edition published in 2009
260 _aOregon :
_bMarshall Cavendish Education,
_c2008.
300 _a233 pages :
_bcolor illustrations ;
_c28 cm
520 _aa comprehensive, activity-based program designed to provide kindergarten students with a strong foundation in mathematics. Aligned with the Mathematics Framework for California Public Schools, the program aims to prepare young students for subsequent stages of mathematical thinking. In the Textbook, mathematical concepts are developed in a systematic, engaging and fun way. Hands-on tasks, meaningful activities and attractive illustrations rich in mathematical content engage students' active participation in the learning process. The series also provides easy-to-follow guidance in various forms to allow for meaningful intervention by both parents and teachers. Features of the Earlybird Kindergarten Standards Edition Textbooks: * Every unit comprises several lessons, each with a focused learning outcome * The Big Book icon provides quick and easy reference to the corresponding Big Book * Detailed teaching notes at the bottom of the pages provide guidelines to help teachers develop lessons and concepts systematically * The Concrete> Pictorial>Abstract approach enables students to encounter math in a meaningful way through concrete activities before progressing to pictorial and abstract representations * New mathematical concepts are introduced through a spiral progression that builds on concepts already taught and mastered * Structured activities help to consolidate the mathematical concepts taught * The pencil icon provides quick and easy reference from the Textbook to the relevant Activity Book pages * Review pages at the end of each assess the students' mastery of key learning objectives * Math at Home activities in tear-out sheets provide opportunities for meaningful family involvement in the students' learning process. Detailed, step-by-step instructions for parents are provided in the teaching notes
650 _aActivity book
_vCurriculum
942 _2ddc
_cBK
_n0
999 _c8136
_d8136